[Event "Kostroma Volga Cup op"]
[Site "Kostroma"]
[Date "2009.07.??"]
[Round "4"]
[White "Losev, Sergey"]
[Black "Markevich, Ilya"]
[Result "1/2-1/2"]
[WhiteElo "1972"]
[BlackElo "2134"]
[PlyCount "92"]
[EventDate "2009.07.03"]
[EventType "swiss"]
[EventRounds "9"]
[EventCountry "RUS"]
[SourceTitle "EXT 2021"]
[Source "ChessBase"]
[SourceDate "2020.10.23"]
[SourceVersion "1"]
[SourceVersionDate "2020.10.23"]
[SourceQuality "1"]

1. d4 d5 2. c4 e6 3. Nc3 c5 4. e3 Nf6 5. Nf3 Nc6 6. Bd3 Be7 7. 0-0 0-0 8. h3 a6 9. a4 Qb6 10. b3 Rd8 11. cxd5 exd5 12. Ba3 Bf8 13. dxc5 Bxc5 14. Bxc5 Qxc5 15. Ne2 Be6 16. Rc1 Qb6 17. Ned4 Rac8 18. Qe2 Rc7 19. Nxc6 bxc6 20. Bxa6 Qxb3 21. Nd4 Qb6 22. a5 Qxa5 23. Nxc6 Rxc6 24. Rxc6 Ne4 25. Rfc1 Nd6 26. R6c2 Re8 27. Bd3 g6 28. Qf3 Nc4 29. Qf5 Nd6 30. h4 Qd8 31. Qf4 h5 32. Rc6 Nc4 33. e4 Nb2 34. Bb1 dxe4 35. Bxe4 Qd4 36. Qe3 Qxe3 37. fxe3 Bd7 38. Rd6 Bg4 39. Bd5 Kg7 40. e4 Re7 41. Rc3 Na4 42. Rc4 Nb2 43. Rd4 Nd1 44. Bxf7 Kxf7 45. Rxd1 Bxd1 46. Rxd1 Rxe4 1/2-1/2

[Event "Rybinsk op"]
[Site "Rybinsk"]
[Date "2009.06.15"]
[Round "3"]
[White "Losev, Sergey"]
[Black "Plotnikov, M."]
[Result "0-1"]
[WhiteElo "1972"]
[BlackElo "2142"]
[PlyCount "104"]
[EventDate "2009.06.14"]
[EventType "swiss"]
[EventRounds "9"]
[EventCountry "RUS"]
[SourceTitle "CBM 131 Extra"]
[Source "ChessBase"]
[SourceDate "2009.09.03"]
[SourceVersion "2"]
[SourceVersionDate "2009.09.16"]
[SourceQuality "1"]

1. e4 c5 2. c3 Nf6 3. e5 Nd5 4. d4 cxd4 5. cxd4 Nc6 6. Bc4 Nb6 7. Bb3 d6 8. exd6 Qxd6 9. Nf3 g6 10. 0-0 Bg7 11. Be3 0-0 12. Nc3 Bg4 13. d5 Ne5 14. Bf4 Bxf3 15. gxf3 Qf6 16. Bxe5 Qxe5 17. Kh1 Rfd8 18. Re1 Qg5 19. Qe2 Rd7 20. Rg1 Qf4 21. Qe4 Qd2 22. Qc2 Qxc2 23. Bxc2 Nxd5 24. Nxd5 Rxd5 25. Rad1 Rad8 26. Rxd5 Rxd5 27. Be4 Rb5 28. Rb1 Bxb2 29. Bc2 b6 30. Bb3 Rxb3 31. axb3 Bd4 32. Kg2 a5 33. Rc1 Bc5 34. Rc2 Kg7 35. h3 Bd6 36. Kf1 b5 37. Ra2 Bb4 38. Ke2 Kf6 39. Ke3 Ke5 40. Rc2 Kd5 41. Ra2 e5 42. Ra1 Bc5+ 43. Ke2 Bb4 44. Ke3 Bc3 45. Rc1 Bd4+ 46. Ke2 a4 47. b4 a3 48. Rc2 Bb2 49. Rc5+ Kd6 50. Rxb5 a2 51. Ra5 a1Q 52. Rxa1 Bxa1 0-1

[Event "Rybinsk op"]
[Site "Rybinsk"]
[Date "2009.06.15"]
[Round "2"]
[White "Morozov, Egor"]
[Black "Losev, Sergey"]
[Result "1-0"]
[WhiteElo "1961"]
[BlackElo "1972"]
[PlyCount "69"]
[EventDate "2009.06.14"]
[EventType "swiss"]
[EventRounds "9"]
[EventCountry "RUS"]
[SourceTitle "CBM 131 Extra"]
[Source "ChessBase"]
[SourceDate "2009.09.03"]
[SourceVersion "2"]
[SourceVersionDate "2009.09.16"]
[SourceQuality "1"]

1. d4 d5 2. g3 e6 3. Bg2 Nf6 4. c4 c5 5. cxd5 exd5 6. Nf3 Be7 7. dxc5 Bxc5 8. 0-0 0-0 9. Bg5 Be6 10. Nc3 Nc6 11. Rc1 Bb6 12. Na4 Bc7 13. Nc5 Rb8 14. Qa4 h6 15. Nxb7 Qc8 16. Qxc6 Rxb7 17. Bxf6 gxf6 18. Nd4 Be5 19. Nxe6 Qxc6 20. Rxc6 fxe6 21. Rxe6 Rxb2 22. Bxd5 Kh8 23. e3 Rd8 24. Bb3 Rdd2 25. Re8+ Kg7 26. Re7+ Kg6 27. Rxa7 Bd6 28. Ra5 Bc7 29. Rd5 Rxd5 30. Bxd5 Bd6 31. Bb3 Ba3 32. Kg2 Bc5 33. Kf3 Rd2 34. Rd1 Rxd1 35. Bxd1 1-0

[Event "Moscow op-B"]
[Site "Moscow"]
[Date "2009.02.01"]
[Round "3"]
[White "Losev, Sergey"]
[Black "Rozhkov, Viacheslav"]
[Result "0-1"]
[WhiteElo "1985"]
[BlackElo "2243"]
[PlyCount "66"]
[EventDate "2009.01.31"]
[EventType "swiss"]
[EventRounds "9"]
[EventCountry "RUS"]
[SourceTitle "EXT 2012"]
[Source "ChessBase"]
[SourceDate "2011.11.24"]
[SourceVersion "1"]
[SourceVersionDate "2011.11.24"]
[SourceQuality "1"]

1. d4 d5 2. c4 dxc4 3. e3 e6 4. Bxc4 Nf6 5. Nc3 a6 6. a4 c5 7. Nf3 Nc6 8. 0-0 Be7 9. h3 0-0 10. Qd3 Nb4 11. Qe2 cxd4 12. exd4 Nfd5 13. Ne4 Bd7 14. Be3 Rc8 15. Rfc1 Nb6 16. Bb3 Rxc1+ 17. Bxc1 Bc6 18. Bf4 Bd5 19. Bxd5 N6xd5 20. Bg3 Qa5 21. b3 Rc8 22. Nd6 Rc2 23. Qe4 b5 24. Re1 Nc3 25. Qb7 Nbd5 26. Nxf7 Ne2+ 27. Rxe2 Rxe2 28. N3e5 Qc7 29. Qa8+ Bf8 30. Qxa6 Re1+ 31. Kh2 Qc1 32. Bh4 Rh1+ 33. Kg3 Qf4# 0-1

[Event "EU-ch U10 18th"]
[Site "Herceg Novi"]
[Date "2008.09.19"]
[Round "5"]
[White "Sawlin, Leonid"]
[Black "Losev, Sergey"]
[Result "1-0"]
[WhiteElo "1872"]
[BlackElo "1985"]
[PlyCount "47"]
[EventDate "2008.09.15"]
[EventType "swiss"]
[EventRounds "9"]
[EventCountry "MNE"]
[SourceTitle "CBM 126 Extra"]
[Source "ChessBase"]
[SourceDate "2008.11.05"]
[SourceVersion "1"]
[SourceVersionDate "2008.11.05"]
[SourceQuality "1"]

1. e4 e5 2. Nf3 Nc6 3. d4 exd4 4. Nxd4 Bc5 5. Nb3 Bb6 6. a4 a6 7. Nc3 Nf6 8. Bg5 d6 9. Nd5 Ba7 10. Bxf6 gxf6 11. Qf3 Nd4 12. Nxf6+ Kf8 13. Nxd4 Bxd4 14. Nh5 Bxb2 15. Bc4 Qe7 16. Rb1 Bg7 17. Rb3 Rg8 18. Qf4 b6 19. Rg3 Be6 20. Nxg7 Bxc4 21. Qh6 Qxe4+ 22. Re3 Qxg2 23. Ne6+ Ke8 24. Nf4+ 1-0

[Event "Moscow op 03rd"]
[Site "Moscow"]
[Date "2007.02.01"]
[Round "6"]
[White "Losev, Sergey"]
[Black "Gvilava, Maya"]
[Result "0-1"]
[WhiteElo "2080"]
[BlackElo "2098"]
[PlyCount "58"]
[EventDate "2007.01.27"]
[EventType "swiss"]
[EventRounds "9"]
[EventCountry "RUS"]
[SourceTitle "CBM 116 Extra"]
[Source "ChessBase"]
[SourceDate "2007.03.07"]
[SourceVersion "1"]
[SourceVersionDate "2007.03.07"]
[SourceQuality "1"]

1. d4 Nf6 2. c4 g6 3. Nc3 Bg7 4. e4 d6 5. f4 0-0 6. h3 c5 7. d5 b5 8. cxb5 Qa5 9. Bd2 a6 10. Nf3 axb5 11. Nxb5 Qb6 12. Nc3 Nh5 13. Kf2 c4+ 14. Ke1 Ng3 15. Rh2 Nxf1 16. Kxf1 Qxb2 17. Rb1 Qa3 18. Qc2 Ba6 19. g3 Nd7 20. Kg1 Nc5 21. Re2 Rfb8 22. Re3 Nd3 23. Ne2 Rxb1+ 24. Qxb1 c3 25. Be1 Qc5 26. Bf2 Nxf2 27. Kxf2 Bxe2 28. Kxe2 c2 29. Qc1 Bb2 0-1

[Event "Moscow op 03rd"]
[Site "Moscow"]
[Date "2007.01.29"]
[Round "3"]
[White "Pasalic, Harun"]
[Black "Losev, Sergey"]
[Result "1-0"]
[WhiteElo "2197"]
[BlackElo "2080"]
[PlyCount "107"]
[EventDate "2007.01.27"]
[EventType "swiss"]
[EventRounds "9"]
[EventCountry "RUS"]
[SourceTitle "CBM 116 Extra"]
[Source "ChessBase"]
[SourceDate "2007.03.07"]
[SourceVersion "1"]
[SourceVersionDate "2007.03.07"]
[SourceQuality "1"]

1. Nf3 d5 2. g3 Nf6 3. Bg2 b6 4. c4 e6 5. Nc3 Be7 6. 0-0 0-0 7. Ne5 Bb7 8. d4 c5 9. dxc5 Bxc5 10. Nd3 Be7 11. Nf4 Bb4 12. cxd5 Bxc3 13. bxc3 e5 14. d6 Bxg2 15. Nxg2 Nbd7 16. Ne3 Ne4 17. c4 Re8 18. f3 Nef6 19. Ba3 Re6 20. Nf5 Nc5 21. Qd2 Ne8 22. Rfd1 Qd7 23. Bxc5 bxc5 24. Qd5 Rd8 25. Qxc5 Nxd6 26. Rd5 g6 27. Nxd6 Rxd6 28. Rad1 Rxd5 29. Rxd5 Rc8 30. Rxd7 Rxc5 31. Rxa7 Rxc4 32. a4 Kg7 33. a5 Ra4 34. Kf2 Ra3 35. h4 h5 36. a6 Kf6 37. Ra8 Ra4 38. Ke3 Ra3+ 39. Kd2 Ra2+ 40. Kd3 Ra3+ 41. Kc2 Ra2+ 42. Kb3 Ra1 43. e4 Ra5 44. Kb4 Ra1 45. Kc5 Rc1+ 46. Kb6 Rb1+ 47. Ka7 Rb3 48. Rb8 Rxf3 49. Rb6+ Kg7 50. Kb8 Ra3 51. a7 Rxa7 52. Kxa7 f6 53. Rb7+ Kh6 54. Rf7 1-0

[Event "Moscow op 03rd"]
[Site "Moscow"]
[Date "2007.01.27"]
[Round "1"]
[White "Kremenietsky, Anatoly M"]
[Black "Losev, Sergey"]
[Result "1-0"]
[WhiteElo "2389"]
[BlackElo "2080"]
[PlyCount "107"]
[EventDate "2007.01.27"]
[EventType "swiss"]
[EventRounds "9"]
[EventCountry "RUS"]
[SourceTitle "CBM 116 Extra"]
[Source "ChessBase"]
[SourceDate "2007.03.07"]
[SourceVersion "1"]
[SourceVersionDate "2007.03.07"]
[SourceQuality "1"]

1. e4 e6 2. d4 d5 3. Nc3 Bb4 4. e5 c5 5. Bd2 cxd4 6. Nb5 Be7 7. Qg4 g6 8. Nf3 Nc6 9. Nbxd4 Qb6 10. Nb3 Bd7 11. a3 h5 12. Qf4 Nh6 13. Bd3 Nf5 14. Bxf5 gxf5 15. 0-0 0-0-0 16. Qe3 Qxe3 17. Bxe3 f6 18. Bf4 fxe5 19. Nxe5 Nxe5 20. Bxe5 Rhg8 21. Nd4 Bc5 22. Rad1 Bxd4 23. Rxd4 Rg4 24. f3 Rxd4 25. Bxd4 a6 26. Re1 Rg8 27. Kf2 Rg6 28. Re2 Kd8 29. Ke3 Ke7 30. Be5 Bc6 31. Kd4 Bb5 32. Rf2 Bc6 33. Kc5 Rg8 34. Kb6 Rg6 35. Kc7 Rg8 36. Rd2 Rg6 37. c3 Rg8 38. b4 Kf7 39. Ra2 Re8 40. Kb6 Re7 41. a4 Be8 42. b5 axb5 43. axb5 Kg6 44. Ra8 Kf7 45. f4 Rd7 46. Rb8 Ke7 47. Bd4 Kf8 48. Bc5+ Kf7 49. g3 d4 50. cxd4 Rd5 51. Rxb7+ Kf6 52. Rb8 Kf7 53. Ka5 Rd7 54. b6 1-0

[Event "Moscow Region-ch op"]
[Site "Serpukhov"]
[Date "2004.08.27"]
[Round "2"]
[White "Konenkin, Dmitry"]
[Black "Losev, Sergey"]
[Result "1-0"]
[WhiteElo "2133"]
[BlackElo "2108"]
[PlyCount "53"]
[EventDate "2004.08.26"]
[EventType "swiss"]
[EventRounds "12"]
[EventCountry "RUS"]
[SourceTitle "EXT 2006"]
[Source "ChessBase"]
[SourceDate "2005.11.24"]
[SourceVersion "1"]
[SourceVersionDate "2005.11.24"]
[SourceQuality "1"]

1. d4 e6 2. e4 d5 3. e5 c5 4. c3 Nc6 5. Nf3 Qb6 6. a3 cxd4 7. cxd4 a5 8. Bd3 Bd7 9. 0-0 Nxd4 10. Nxd4 Qxd4 11. Nc3 Qb6 12. Qg4 g6 13. Be3 Qd8 14. Nb5 f5 15. exf6 Kf7 16. Rac1 Bc6 17. Nd4 Qd7 18. Nf3 Bd6 19. Ng5+ Kxf6 20. Rxc6 bxc6 21. Bd4+ Ke7 22. Bxh8 Nh6 23. Qh4 Rxh8 24. Nxh7+ Kf7 25. Qf6+ Kg8 26. Qxg6+ Qg7 27. Nf6+ 1-0

[Event "Kimry op"]
[Site "Kimry"]
[Date "2003.??.??"]
[Round "7"]
[White "Shidlovski, Yuri"]
[Black "Losev, Sergey"]
[Result "0-1"]
[WhiteElo "2052"]
[BlackElo "2108"]
[PlyCount "68"]
[EventDate "2003.??.??"]
[EventType "swiss"]
[EventRounds "9"]
[EventCountry "RUS"]
[SourceTitle "EXT 2006"]
[Source "ChessBase"]
[SourceDate "2005.11.24"]
[SourceVersion "1"]
[SourceVersionDate "2005.11.24"]
[SourceQuality "1"]

1. e4 e6 2. d4 d5 3. Nc3 Bb4 4. e5 c5 5. a3 Bxc3+ 6. bxc3 Qa5 7. Bd2 Ne7 8. f4 Bd7 9. Nf3 Nbc6 10. Be2 0-0 11. 0-0 f6 12. c4 Qc7 13. cxd5 Nxd5 14. c4 Nde7 15. exf6 Rxf6 16. dxc5 Rd8 17. Qc2 Be8 18. Bd3 Bg6 19. Be4 Nf5 20. Bc3 Rff8 21. Rae1 Nce7 22. Qf2 Nh6 23. Be5 Qd7 24. Qb2 Nc6 25. Bd6 Rf6 26. Ne5 Nxe5 27. fxe5 Rxf1+ 28. Kxf1 Bxe4 29. Rxe4 Qc6 30. Rf4 Nf5 31. Qf2 h6 32. g4 Ne7 33. Rf8+ Rxf8 34. Qxf8+ Kxf8 0-1